Escalafón de antigüedad de los catedráticos de las universidades del reino. (Record no. 68616)

MARC details
000 -LEADER
campo de control de longitud fija 00538nam a2200157 i 4500
001 - NÚMERO DE CONTROL
campo de control 68616
003 - IDENTIFICADOR DE NÚMERO DE CONTROL
campo de control ES-MaACL
005 - FECHA Y HORA DE LA ÚLTIMA TRANSACCIÓN
campo de control 20230906170323.0
007 - CAMPO FIJO DE DESCRIPCIÓN FÍSICA--INFORMACIÓN GENERAL
campo de control de longitud fija t|
008 - DATOS DE LONGITUD FIJA--INFORMACIÓN GENERAL
campo de control de longitud fija 040702s1849 sp ||||1| spa d
245 00 - MENCIÓN DEL TÍTULO
Título Escalafón de antigüedad de los catedráticos de las universidades del reino.
260 ## - PUBLICACIÓN, DISTRIBUCIÓN, ETC.
Lugar de publicación, distribución, etc. Madrid :
Nombre del editor, distribuidor, etc. [s.n.],
Fecha de publicación, distribución, etc. 1849 (
Fabricante Imp. de La Publicidad)
300 ## - DESCRIPCIÓN FÍSICA
Extensión 14 p. ;
Dimensiones 20 cm.
650 #4 - PUNTO DE ACCESO ADICIONAL DE MATERIA--TÉRMINO DE MATERIA
Término de materia o nombre geográfico como elemento de entrada Profesores universitarios-
Subdivisión geográfica España-
Subdivisión de forma Escalafones.
9 (RLIN) 145019
852 ## - LOCALIZACIÓN
Ubicación ES-MaACL
Número de control de estantería T-420-F-17
Nota libre .- Sello de "Los Escolares Médicos"
Holdings
Estatus retirado Estado de pérdida Estado de daño No para préstamo Colección Biblioteca de origen Biblioteca actual Ubicación en estantería Fecha de adquisición Fuente de adquisición Total de préstamos Signatura topográfica completa Código de barras Visto por última vez Precio de reemplazo Tipo de ítem Koha
        Colección de folletos Biblioteca del Ateneo de Madrid Biblioteca del Ateneo de Madrid Depósito folletos 17/01/2008     T-420-F-17 1071837 23/02/2023 23/02/2023 Folleto